| 000 | 00557 a2200169 4500 | ||
|---|---|---|---|
| 999 |
_c3727 _d3727 |
||
| 020 | _a9780077237509 | ||
| 050 | _aQA 39.2 BEN 2010 | ||
| 100 |
_aBennett, Albert B. _eauthor |
||
| 245 |
_aMathematics for elementary teachers : _ban activity approach _c Abert B.Bennett, Laurie J. Burton &L. Ted Nelson |
||
| 264 |
_aBoston : _bMcGraw-Hill _c2010 |
||
| 300 |
_axvii, 355p. : _bill. (col.) |
||
| 500 | _aIncludes index | ||
| 650 | _amathematics | ||
| 700 |
_aBurton, Laurie J. _eauthor |
||
| 700 |
_aNelson, L. Ted _eauthor |
||
| 942 |
_2lcc _cBK _e8th _h39.2 _iBEN _kQA |
||